Miasta przy Drodze Krajowej nr 31 - Statystyki

Ogólne statystyki
  • Ten quiz został rozwiązany 29 razy
  • Średni wynik to 4 z 6
Statystyki odpowiedzi
Ludność Województwo Miasto % Poprawnych
400 990 Zachodniopomorskie Szczecin
96%
16 644 Lubuskie Słubice
78%
21 393 Zachodniopomorskie Gryfino
74%
17 730 Lubuskie Kostrzyn nad Odrą
70%
3 713 Zachodniopomorskie Mieszkowice
52%
7 421 Zachodniopomorskie Chojna
43%
Nie znaleziono quizów pasujących do podanych kryteriów
Rozkład punktacji
Procent ludzi z każdym wynikiem
Percentyl według liczby udzielonych odpowiedzi
Twoja historia wyników
Nie rozwiązałeś tego quizu